|
|
|
|
| LEADER |
00000nam2a2200000 4500 |
| 001 |
174274 |
| 005 |
20240212113803.0 |
| 035 |
|
|
|a (RuTPU)RU\TPU\book\188988
|
| 035 |
|
|
|a RU\TPU\book\176233
|
| 090 |
|
|
|a 174274
|
| 100 |
|
|
|a 20100126d2009 km y0rusy50 ca
|
| 101 |
0 |
|
|a rus
|
| 102 |
|
|
|a RU
|
| 105 |
|
|
|a a z 001zd
|
| 200 |
0 |
|
|a Т. 314, № 2 : Математика и механика. Физика
|
| 210 |
|
|
|d 2009
|
| 215 |
|
|
|a 187 с.
|c ил.
|
| 320 |
|
|
|a Библиография в конце статей
|
| 461 |
|
1 |
|0 (RuTPU)RU\TPU\book\176237
|t Известия Томского политехнического университета [Известия ТПУ]
|f Томский политехнический университет (ТПУ)
|v Т. 314, № 2 : Математика и механика. Физика
|d 2000-
|
| 600 |
|
1 |
|a Ройтман
|b М. С.
|c российский ученый
|c радиотехник
|f 1933-
|g Марсель Самуилович
|c Заслуженный профессор Томского политехнического университета
|y Томск
|2 stltpush
|3 (RuTPU)RU\TPU\pers\19859
|
| 600 |
|
1 |
|a Кулешов
|b В. К.
|c специалист в области неразрушающего контроля
|c профессор Томского политехнического университета, доктор технических наук
|f 1939-
|g Валерий Константинович
|x TPU
|y Томск
|2 stltpush
|3 (RuTPU)RU\TPU\pers\19828
|9 7765
|
| 600 |
|
1 |
|a Лисицын
|b В. М.
|c российский физик
|c профессор Томского политехнического университета
|f 1939-
|g Виктор Михайлович
|y Томск
|2 stltpush
|3 (RuTPU)RU\TPU\pers\10510
|
| 600 |
|
1 |
|a Анфилофьев
|b А. В.
|c профессор Томского политехнического университета
|f 1939-
|g Александр Васильевич
|2 stltpush
|3 (RuTPU)RU\TPU\pers\24403
|
| 600 |
|
1 |
|a Овчаров
|b А. Т.
|c российский ученый, специалист в области светотехники
|c профессор Томского политехнического университета
|f 1944-
|g Александр Тимофеевич
|y Томск
|2 stltpush
|3 (RuTPU)RU\TPU\pers\19851
|9 7788
|
| 600 |
|
1 |
|a Кривобоков
|b В. П.
|c физик
|c профессор Томского политехнического университета, доктор физико-математических наук
|f 1948-
|g Валерий Павлович
|x TPU
|y Томск
|2 stltpush
|3 (RuTPU)RU\TPU\pers\21971
|9 9290
|
| 600 |
|
1 |
|a Шаповалов
|b А. В.
|c профессор Томского политехнического университета
|f 1949-
|g Александр Васильевич
|2 stltpush
|3 (RuTPU)RU\TPU\pers\24404
|
| 600 |
|
1 |
|a Яковлев
|b В. Ю.
|c специалист в области светотехники
|c профессор Томского политехнического университета, доктор физико-математических наук
|f 1949-
|g Виктор Юрьевич
|y Томск
|2 stltpush
|3 (RuTPU)RU\TPU\pers\22024
|9 9321
|
| 601 |
0 |
2 |
|a Томский политехнический университет (ТПУ)
|c (1991- )
|2 stltpush
|3 (RuTPU)RU\TPU\col\376
|
| 606 |
1 |
|
|a Высшие технические учебные заведения
|2 stltpush
|3 (RuTPU)RU\TPU\subj\3996
|9 32316
|
| 606 |
1 |
|
|a Естественные науки в целом
|2 stltpush
|3 (RuTPU)RU\TPU\subj\38878
|9 59127
|
| 606 |
|
|
|a Научно-технический потенциал
|2 stltpush
|3 (RuTPU)RU\TPU\subj\45166
|9 64427
|
| 610 |
1 |
|
|a Известия
|
| 610 |
1 |
|
|a математика
|
| 610 |
1 |
|
|a механика
|
| 610 |
1 |
|
|a физика
|
| 610 |
1 |
|
|a дробный анализ
|
| 610 |
1 |
|
|a авторегрессия
|
| 610 |
1 |
|
|a рычажные механизмы
|
| 610 |
1 |
|
|a слойность
|
| 610 |
1 |
|
|a тонкие проводники
|
| 610 |
1 |
|
|a нанопорошки
|
| 610 |
1 |
|
|a труды учёных ТПУ
|
| 675 |
|
|
|a 62
|v 3
|
| 675 |
|
|
|a 50
|v 3
|
| 686 |
|
|
|a Ч484(2)72
|2 rubbk
|
| 801 |
|
1 |
|a RU
|b 63413507
|c 20090623
|g PSBO
|
| 801 |
|
2 |
|a RU
|b 63413507
|c 20221208
|g PSBO
|
| 942 |
|
|
|c CR
|